| 000 | 00742nam a2200229Ii 4500 | ||
|---|---|---|---|
| 003 | JO-AjNU | ||
| 008 | 230605s9999||||xx |||||||||||||| ||und|| | ||
| 017 | _a4578/2005 | ||
| 020 | _a977-241-644-1 | ||
| 040 |
_aJO-AjNU _bara _erda _cJO-AjNU |
||
| 041 | _aara | ||
| 050 | 1 | 4 | _aJX1954.A84.2008 |
| 100 | 3 |
_aعتلم، حازم محمد , _eauthor _964419 |
|
| 245 | 0 | 0 | _aالمنظمات الدولية الاقليمية والمتخصصة |
| 250 | _aط1 | ||
| 264 | 3 | 1 | _aالقاهرة: دار النهضة العربية، 2008 |
| 300 | _a306ص | ||
| 336 |
_atext _btxt _2rdacontent |
||
| 337 |
_aunmediated _bn _2rdamedia |
||
| 338 |
_avolume _bnc _2rdacarrier |
||
| 650 | 4 |
_aالمنظمات الدولية الاقليمية _964420 |
|
| 999 |
_aA29357 _c32925 _d32925 |
||